[Event "EU-chT (Women) 22nd"]
[Site "Batumi"]
[Date "2019.10.25"]
[Round "2.15"]
[White "Houska, Jovanka"]
[Black "Goossens, Hanne"]
[Result "1-0"]
[WhiteElo "2430"]
[BlackElo "2156"]
[PlyCount "157"]
[EventDate "2019.10.24"]
[EventType "team-swiss"]
[EventRounds "9"]
[EventCountry "GEO"]
[SourceTitle "CBM 192 Extra"]
[Source "Chessbase"]
[SourceDate "2019.11.06"]
[SourceVersion "1"]
[SourceVersionDate "2019.11.06"]
[SourceQuality "1"]
[WhiteTeam "England (W)"]
[BlackTeam "Belgium (W)"]
[WhiteTeamCountry "ENG"]
[BlackTeamCountry "BEL"]

1. d4 Nf6 2. Nf3 g6 3. g3 Bg7 4. Bg2 0-0 5. 0-0 d6 6. a4 a5 7. Re1 Nbd7 8. e4 e5 9. Nc3 Re8 10. h3 c6 11. Be3 Qc7 12. d5 cxd5 13. exd5 b6 14. Nb5 Qb8 15. Nd2 Ba6 16. Nc4 Bxb5 17. axb5 Qc7 18. Qe2 Nh5 19. g4 Nf4 20. Bxf4 exf4 21. Qxe8+ Rxe8 22. Rxe8+ Nf8 23. Ra4 Qd7 24. Rb8 Qxb5 25. Nxb6 Qxb2 26. Rc4 a4 27. Nd7 a3 28. Rxb2 axb2 29. Rb4 Nxd7 30. Be4 Kf8 31. c4 Nc5 32. Bc2 h6 33. h4 Bc3 34. Rb8+ Kg7 35. Kg2 Bd4 36. h5 gxh5 37. gxh5 Bc3 38. Kf3 Be5 39. Kg4 Kf6 40. Rb5 Ke7 41. Kf5 Bc3 42. Kxf4 Bd4 43. Kf5 Bc3 44. Rb8 Bd4 45. f4 Bc3 46. Kg4 Bd4 47. Kf3 Bc3 48. Ke2 Bd4 49. Kd2 Bf6 50. Bh7 Bd4 51. Kc2 Kf6 52. Kb1 Kg7 53. Bc2 Kf6 54. Rh8 Ke7 55. Rc8 Kd7 56. Ra8 Ke7 57. Ra7+ Kf8 58. Rc7 Bc3 59. Ka2 Bd4 60. Ka3 Bc3 61. Ra7 Ke8 62. Bh7 Kf8 63. Ka2 Bd4 64. Ra8+ Kg7 65. Bc2 Kf6 66. Ka3 Bc3 67. Re8 Bd4 68. Kb4 Na6+ 69. Ka5 Nc5 70. Kb5 Nb3 71. Kb4 Nc5 72. Re1 Nb7 73. Kb5 Bc3 74. Re3 Bd4 75. Ra3 Ke7 76. Kc6 Bc5 77. Ra2 Nd8+ 78. Kc7 Bd4 79. Ra8 1-0

[Event "Bruges Masters"]
[Site "Bruges"]
[Date "2019.08.13"]
[Round "5"]
[White "Goossens, Hanne"]
[Black "Jonkman, Harmen"]
[Result "0-1"]
[WhiteElo "2134"]
[BlackElo "2394"]
[PlyCount "110"]
[EventDate "2019.08.11"]
[EventType "swiss"]
[EventRounds "9"]
[EventCountry "BEL"]
[SourceTitle "CBM 191 Extra"]
[Source "ChessBase"]
[SourceDate "2019.09.30"]
[SourceVersion "1"]
[SourceVersionDate "2019.09.30"]
[SourceQuality "1"]

1. e4 e5 2. Nf3 Nc6 3. Bc4 Bc5 4. c3 Nf6 5. d3 a5 6. 0-0 d6 7. h3 h6 8. Nbd2 0-0 9. Re1 Be6 10. a4 Qb8 11. Nh4 Kh7 12. Qf3 Ng8 13. Nf1 Bxc4 14. dxc4 g6 15. Be3 Qd8 16. Qg3 b6 17. Rad1 Qe8 18. b3 Nge7 19. Kh1 Nd8 20. Bc1 Ne6 21. Ne3 f5 22. Nd5 Nxd5 23. cxd5 f4 24. Qg4 Ng7 25. Kg1 g5 26. Nf3 Kg6 27. c4 Qd8 28. h4 Qc8 29. Qxc8 Raxc8 30. Kf1 g4 31. Nh2 Kh5 32. Ke2 Kxh4 33. Rh1 Kg5 34. f3 h5 35. Bd2 Rf6 36. Bc1 Rcf8 37. Rde1 Rg6 38. Kd3 Kf6 39. Re2 Ke7 40. Bd2 Rh8 41. Be1 g3 42. Nf1 h4 43. Rh3 Ne8 44. Bc3 Nf6 45. Re1 Rh5 46. Nd2 Nh7 47. Reh1 Rgh6 48. Nb1 Ng5 49. Bd2 Nxf3 50. Ke2 Ng5 51. Nc3 Bd4 52. Nb5 Bc5 53. Nc3 f3+ 54. gxf3 Nxh3 55. Kf1 Nf4 0-1

[Event "Heusenstamm Sparkassen op-A 5th"]
[Site "Heusenstamm"]
[Date "2018.11.25"]
[Round "7"]
[White "Goossens, Hanne"]
[Black "Hehn, Hartmut"]
[Result "1-0"]
[WhiteElo "2176"]
[BlackElo "2016"]
[PlyCount "61"]
[EventDate "2018.11.22"]
[EventType "swiss"]
[EventRounds "7"]
[EventCountry "GER"]
[SourceTitle "CBM 188 Extra"]
[Source "ChessBase"]
[SourceDate "2019.02.26"]
[SourceVersion "1"]
[SourceVersionDate "2019.02.26"]
[SourceQuality "1"]

1. e4 c6 2. d4 d5 3. e5 c5 4. dxc5 Nc6 5. a3 Nxe5 6. b4 Ng6 7. Bb2 Nf6 8. Nf3 e6 9. Nc3 a5 10. Na4 Be7 11. Nb6 Ra7 12. Bb5+ Kf8 13. 0-0 Bd7 14. Bd3 Nf4 15. Ne5 Be8 16. Bd4 axb4 17. axb4 Rxa1 18. Qxa1 Nxd3 19. cxd3 Nh5 20. Qd1 f6 21. Qf3 Kg8 22. Ra1 fxe5 23. Bxe5 Bf6 24. Bd6 Qxd6 25. cxd6 Bxa1 26. d7 Bxd7 27. Qd1 Nf6 28. Qxa1 Kf7 29. Qe5 Bc6 30. g4 Nxg4 31. Qh5+ 1-0

[Event "Heusenstamm Sparkassen op-A 5th"]
[Site "Heusenstamm"]
[Date "2018.11.24"]
[Round "5"]
[White "Goossens, Hanne"]
[Black "Paeslack, Luis"]
[Result "1-0"]
[WhiteElo "2176"]
[BlackElo "2044"]
[PlyCount "79"]
[EventDate "2018.11.22"]
[EventType "swiss"]
[EventRounds "7"]
[EventCountry "GER"]
[SourceTitle "CBM 188 Extra"]
[Source "ChessBase"]
[SourceDate "2019.02.26"]
[SourceVersion "1"]
[SourceVersionDate "2019.02.26"]
[SourceQuality "1"]

1. e4 c5 2. Nf3 Nc6 3. d4 cxd4 4. Nxd4 Nf6 5. Nc3 e5 6. Ndb5 d6 7. Bg5 a6 8. Na3 b5 9. Bxf6 Qxf6 10. Nd5 Qd8 11. Bxb5 axb5 12. Nxb5 Ra7 13. Nxa7 Nxa7 14. 0-0 Be7 15. c3 Bd7 16. a4 0-0 17. b4 f5 18. f3 f4 19. b5 Bh4 20. Qd2 Bg3 21. hxg3 fxg3 22. Rfd1 Qh4 23. Ne3 Qh2+ 24. Kf1 Bh3 25. Nf5 Bxf5 26. exf5 Qh1+ 27. Ke2 Qxg2+ 28. Ke3 Qh3 29. Qd5+ Kh8 30. Qe4 Qg2 31. Rd2 Qh3 32. Kd3 g2 33. Qg4 Qh1 34. Rxg2 Qh6 35. Rag1 Rg8 36. Qg5 Qh3 37. Qg4 Qh6 38. Rg3 d5 39. Rh3 e4+ 40. Kc2 1-0